Dirección de arte: Publicidad.
Gardado en:
| Autor Principal: | |
|---|---|
| Outros autores: | |
| Formato: | Libro |
| Publicado: |
Barcelona, España:
Gustavo Gili,
2010.
|
| Subjects: | |
| Tags: |
Engadir etiqueta
Sen Etiquetas, Sexa o primeiro en etiquetar este rexistro!
|
MARC
| LEADER | 00000nam a22000007a 4500 | ||
|---|---|---|---|
| 003 | CL-VaPUC | ||
| 005 | 20250407202439.0 | ||
| 008 | 250310t2010 ||||| |||| 00| 0 eng d | ||
| 999 | |c 447189 |d 447187 | ||
| 020 | |a 978-84-252-2385-3 | ||
| 040 | |c Pontificia Universidad Católica de Valparaíso | ||
| 082 | |a 659.125 MAH 2010 | ||
| 100 | |9 896500 |a Mahon, Nik |e autor | ||
| 245 | |a Dirección de arte: |b Publicidad. | ||
| 260 | |a Barcelona, España: |b Gustavo Gili, |c 2010. | ||
| 300 | |a 183 páginas: |b fotografías. | ||
| 500 | |a c.1. Instituto Arcos.08-01-2025. | ||
| 583 | |c 20250310 |k Gabriela Rodríguez Cuevas | ||
| 650 | 0 | |9 314572 |a Publicidad |x Diseño | |
| 650 | 0 | |9 266185 |a Arte publicitario | |
| 650 | 0 | |9 541388 |a Campañas publicitarias | |
| 700 | |9 896501 |a Marcos, Álvaro |e traductor | ||
| 942 | |2 ddc |c BK |n 0 | ||
| 952 | |0 0 |1 0 |2 ddc |4 0 |6 659_125000000000000_MAH_2010 |7 0 |8 A |9 600839 |a BIBINC |b BIBINC |d 2025-03-10 |e Instituto Arcos |i 5665705 |l 1 |m 1 |o 659.125 MAH 2010 |p 5665705 |r 2025-04-03 |s 2025-03-21 |t 1 |w 2025-03-10 |y BK |k IFP | ||